[Event "Titled Tuesday intern op 18th Jan"]
[Site "Chess.com INT"]
[Date "2022.01.18"]
[Round "8"]
[White "Karabalis, Harilos"]
[Black "Liyanage, Ranindu Dilshan"]
[Result "0-1"]
[WhiteElo "2252"]
[BlackElo "2353"]
[PlyCount "108"]
[EventDate "2022.01.18"]
[EventType "swiss (blitz)"]
[EventRounds "11"]
[EventCountry "USA"]
[SourceTitle "CBM 206 Extra"]
[Source "ChessBase"]
[SourceDate "2022.03.31"]
[SourceVersion "1"]
[SourceVersionDate "2022.03.31"]
[SourceQuality "1"]

1. e4 c5 2. a3 g6 3. h4 h5 4. Bc4 Bg7 5. d3 Nc6 6. Nc3 d6 7. Ba2 Bg4 8. Nge2 Nf6 9. Be3 Rb8 10. Qd2 b5 11. f3 Bd7 12. Nf4 Ne5 13. Nce2 Qc7 14. 0-0 a5 15. c3 b4 16. axb4 axb4 17. d4 cxd4 18. cxd4 Nc4 19. Qc2 Rc8 20. Rfc1 d5 21. exd5 Bb5 22. Bf2 Bh6 23. Bxc4 Bxc4 24. Qd2 0-0 25. b3 Nxd5 26. Rxc4 Bxf4 27. Qc2 Qd7 28. Qe4 Bh6 29. Ra5 e6 30. Rac5 Rxc5 31. Rxc5 Rc8 32. Qc2 Ra8 33. g3 Qd6 34. Kg2 Be3 35. Be1 Qe7 36. Rc8+ Rxc8 37. Qxc8+ Kg7 38. Qc4 Qf6 39. f4 Bxf4 40. gxf4 Ne3+ 41. Kf3 Nxc4 42. bxc4 b3 43. Bc3 Qd8 44. d5+ Kg8 45. dxe6 fxe6 46. Ke3 Qc7 47. Kd3 Qb7 48. Bb2 Qf3+ 49. Kd2 Qh1 50. c5 Qb1 51. Kc3 Qc2+ 52. Kb4 Qxb2 53. Nd4 Qxd4+ 54. Kxb3 Qxc5 0-1

[Event "Titled Tuesday intern op 12th Jan"]
[Site "Chess.com INT"]
[Date "2021.01.12"]
[Round "7"]
[White "Djaparov, Medet"]
[Black "Karabalis, Harilos"]
[Result "1-0"]
[WhiteElo "1749"]
[BlackElo "2252"]
[PlyCount "103"]
[EventDate "2021.01.12"]
[EventType "swiss (blitz)"]
[EventRounds "11"]
[EventCountry "USA"]
[SourceTitle "CBM 200 Extra"]
[Source "ChessBase"]
[SourceDate "2021.03.31"]
[SourceVersion "1"]
[SourceVersionDate "2021.03.31"]
[SourceQuality "1"]

1. d4 Nf6 2. c4 g6 3. Nf3 Bg7 4. g3 0-0 5. Bg2 d6 6. 0-0 Nc6 7. Nc3 e5 8. dxe5 Nxe5 9. b3 Nxf3+ 10. Bxf3 Bh3 11. Re1 Rb8 12. Bb2 Re8 13. Qd2 Nd7 14. Rad1 Ne5 15. Bh1 a6 16. Nd5 b5 17. cxb5 axb5 18. Rc1 c5 19. Nf4 Bg4 20. Red1 c4 21. Qxd6 Qxd6 22. Rxd6 Rbd8 23. Rxd8 Rxd8 24. h3 Bc8 25. Bxe5 Bxe5 26. bxc4 bxc4 27. Rxc4 Ba6 28. Re4 Bxf4 29. Rxf4 Rd1+ 30. Kh2 Bxe2 31. a4 Ra1 32. Bc6 h5 33. Bd5 Rd1 34. Bxf7+ Kg7 35. Bc4 g5 36. Bxe2 Rd2 37. Re4 Ra2 38. Kg2 h4 39. gxh4 gxh4 40. Bb5 Kf6 41. Rxh4 Kg5 42. Rg4+ Kf5 43. Kg3 Ra3+ 44. f3 Ra1 45. h4 Rg1+ 46. Kf2 Rh1 47. a5 Rh2+ 48. Ke3 Ra2 49. a6 Ra3+ 50. Bd3+ Kf6 51. h5 Rxa6 52. Bxa6 1-0

[Event "Titled Tuesday intern op 12th Jan"]
[Site "Chess.com INT"]
[Date "2021.01.12"]
[Round "6"]
[White "Karabalis, Harilos"]
[Black "Swicarz, Maciej"]
[Result "0-1"]
[WhiteElo "2252"]
[BlackElo "2341"]
[PlyCount "162"]
[EventDate "2021.01.12"]
[EventType "swiss (blitz)"]
[EventRounds "11"]
[EventCountry "USA"]
[SourceTitle "CBM 200 Extra"]
[Source "ChessBase"]
[SourceDate "2021.03.31"]
[SourceVersion "1"]
[SourceVersionDate "2021.03.31"]
[SourceQuality "1"]

1. c4 Nf6 2. Nc3 g6 3. e4 c6 4. e5 Nh5 5. d4 d6 6. exd6 Qxd6 7. Be2 Nf4 8. Bxf4 Qxf4 9. Nf3 Bg7 10. 0-0 Bg4 11. d5 0-0 12. Qb3 b6 13. Rad1 Rc8 14. dxc6 Nxc6 15. Nd5 Qf5 16. Qa3 e6 17. Ne3 Qh5 18. Rd7 e5 19. Nxg4 Qxg4 20. Rxf7 Kxf7 21. Nxe5+ Nxe5 22. Bxg4 Nxg4 23. Re1 Kg8 24. h3 Nf6 25. b3 a5 26. Qa4 Rc5 27. Re6 Rb8 28. Qa3 Nd7 29. Qc1 Rf8 30. Re7 Ne5 31. Qd2 a4 32. Qd6 axb3 33. axb3 Ra5 34. Qxb6 Ra1+ 35. Kh2 Nd3 36. Qe6+ Kh8 37. Re8 Ra8 38. Rxf8+ Rxf8 39. f3 Be5+ 40. Kg1 Bd4+ 41. Kf1 Nf4 42. Qe4 Bg7 43. c5 g5 44. c6 Rc8 45. c7 h6 46. Qb7 Rxc7 47. Qxc7 Nd5 48. b4 Nxc7 49. b5 Nxb5 50. Ke2 Kh7 51. Kd3 Kg6 52. Ke4 Nd6+ 53. Kd5 Nf5 54. Ke4 Kf6 55. f4 Nh4 56. fxg5+ Kxg5 57. g3 Nf5 58. g4 Nh4 59. Ke3 Be5 60. Ke4 Bg3 61. Ke3 Be1 62. Ke4 Ng2 63. Kf3 Nf4 64. Ke4 Nxh3 65. Kf3 Nf2 66. Ke2 Nxg4 67. Kxe1 Kf4 68. Kf1 Kg3 69. Kg1 Nf2 70. Kf1 h5 71. Kg1 h4 72. Kf1 h3 73. Ke2 h2 74. Ke3 h1Q 75. Kd4 Qe4+ 76. Kc5 Nd3+ 77. Kd6 Qe5+ 78. Kd7 Qf6 79. Kc7 Nc5 80. Kc8 Qe7 81. Kb8 Qb7# 0-1